000 02456cam a22005294i 4500
003 PE-LiUPU
005 20250731173448.0
008 150617s1983 sp rb 000 0 spa d
020 _a8470573314
035 _a(Sirsi) i9788470573316
040 _aPE-LiUPU
_bspa
_cPE-LiUPU
_erda
049 _aPRUA
082 0 4 _a229.91
_bD73
_221
100 1 _aDiez Macho, Alejandro,
_eautor.
245 1 0 _aApócrifos del antiguo testamento /
_cAlejandro Diez Macho.
264 1 _aMadrid :
_bCristiandad,
_c1983.
300 _a510 páginas ;
_c24 centímetros
336 _atext
_2rdacontent
337 _aunmediated
_2rdamedia
338 _avolume
_2rdacarrier
504 _aIncluye bibliografía.
505 0 _aCarta de Arietas -- Libro de los jubileos -- Antigüedades bíblicas (Pseudo - filón) -- Vida de Adán y Eva (apocalipsis de moisés) -- Paralipómenos de Jeremías -- Apócrifo de Jeremías sobre la cautividad de Babilonia -- 3 Esdras -- 3 Macabeos -- Vida de los profetas.
526 _aSEG42
526 _aSEG41
526 _aSEG40
526 _aSEG39
526 _aP94
526 _aP87
526 _aP86
526 _aP85
526 _aP77
526 _aP76
526 _aP35
630 0 4 _aBiblia
_pA.T.
_pApócrifos
_xIntroducciones.
910 _ajck
_bjvq
_cjck
_d20150616
942 _2ddc
_cBOOK
949 _a229.9 D73
_wDEWEY
_c1
_i39637
_d2016-5-10
_e2016-5-10
_lCCODEBUL1
_mBUL
_n1
_r0
_sY
_tBOOK
_u2015-6-16
_xTEOLOGIA
_PP35
_0COMPRA
_o.STAFF. Colección General
949 _a229.91 D73
_wDEWEY
_c1
_i22956
_lCCODEBUL1
_mBUL
_r0
_sY
_tBOOK
_u2015-6-17
_xTEOLOGIA
_PP35
_0COMPRA
_o.STAFF. Colección General
949 _a229.91 D73
_wDEWEY
_c2
_i22420
_lCCODEBUL1
_mBUL
_r0
_sY
_tBOOK
_u2015-6-17
_xTEOLOGIA
_PP35
_0COMPRA
_o.STAFF. Colección General
994 _aC0
_bPEPRU
596 _a1
999 _a229.9 D73
_wDEWEY
_c57337
_i39637
_d57337
_e2018-5-9
_f2021-11-9
_g5
_lCCODEBUL1
_mBUL
_n6
_p10.00
_q3
_r0
_sY
_tBOOK
_u2015-6-16
_xTEOLOGIA
_PP35
_0COMPRA
_o.STAFF. Colección Teología
999 _a229.91 D73
_wDEWEY
_c1
_i22956
_d2018-6-13
_e2018-5-24
_f2021-11-9
_g5
_lCCODEBUL1
_mBUL
_n1
_p30.99
_q3
_r0
_sY
_tBOOK
_u2015-6-17
_xTEOLOGIA
_PP35
_0COMPRA
_o.STAFF. Colección Teología
999 _a229.91 D73
_wDEWEY
_c2
_i22420
_d2019-10-3
_e2019-5-27
_f2021-11-9
_g5
_lCCODEBUL1
_mBUL
_n3
_p30.99
_q2
_r0
_sY
_tBOOK
_u2015-6-17
_xTEOLOGIA
_PP35
_0COMPRA
_o.STAFF. Colección Teología
980 _81
_gALBERTO SANCHEZ Responsable de Automatización